00259nam a22001097a 4500082001400000100001600014245003400030260003800064300001000102650001400112650002300126 a547.1 PIN aPinder A.R. aPhysical Methods in Chemistry aLondon:bBirkbeck College,c1964. a182p: aChemistry aOrganic Chemistry